| 000 | 00843nam a22002897a 4500 | ||
|---|---|---|---|
| 003 | CHAP | ||
| 005 | 20220329140445.0 | ||
| 008 | 971013s1971 us a r 00010 eng d | ||
| 010 | _a52240 | ||
| 011 | _a53212 | ||
| 035 | _a57362 | ||
| 040 | _cCHAP | ||
| 082 | 0 | 4 |
_a664.752 _bP6 |
| 100 | 0 | 0 |
_aPomeranz, Yeshajahu. _990750 |
| 245 | 1 | _aBread science and technology | |
| 260 |
_aWestport, Conn. : _bAVI, _c1971 |
||
| 300 |
_a262 p. _b: ilus. |
||
| 590 |
_aBATCH-UPD _b10 _c20130110 _lUCH01 _h0008 |
||
| 590 |
_aBATCH-UPD _b10 _c20130110 _lUCH01 _h0639 |
||
| 590 |
_aCONVERSION _b10 _c20130109 _lUCH01 _h1328 |
||
| 650 | 1 | 4 |
_aIndustria panificadora. _957906 |
| 650 | 1 | 4 |
_aPan. _985041 |
| 700 | 0 |
_aShellenberger, J. A. _9105608 |
|
| 901 | _aBK | ||
| 942 | _cLIBRO | ||
| 949 |
_a664.752 P6 _bBC _cLIBRO _d33724000115200 _eLIBRO _h52873 _i57362 _si _t757.00 |
||
| 999 |
_c52240 _d52240 |
||